00523nam a2200133Ia 4500008004100000100001700041245010600058245003200164260000900196650001300205856007900218999001900297952007300316170221s9999 xx 000 0 und d aYanling Guan 4aThe Effect of Regulations on Pension Risk Shifting: Evidence from the US and Europe (pages 765–799) cYanling Guan and Daphne Lui c2011 xBusiness uhttp://onlinelibrary.wiley.com/doi/10.1111/jbfa.2016.43.issue-5-6/issuetoc c309789d309789 001040aCLbCLd2017-02-21l0r2017-02-21 00:00:00w2017-02-21yFOJ